| 000 | 00366cam a2200145ua 4500 | ||
|---|---|---|---|
| 003 | OSt | ||
| 008 | 241218b |||||||| |||| 00| 0 eng d | ||
| 041 | _aeng | ||
| 082 |
_a621.3121 _bMAH/PO |
||
| 100 |
_aMahesh, Varma . _96508 |
||
| 245 | _aPower plant engineering / | ||
| 260 |
_aDelhi : _bMetropolitan book co. Pvt Ltd , _c1965. |
||
| 300 | _a244 ; . | ||
| 942 | _cBK | ||
| 999 |
_c7556 _d7556 |
||